| 000 -LEADER | |
|---|---|
| fixed length control field | 00382nam a22001457a 4500 |
| 020 ## - INTERNATIONAL STANDARD BOOK NUMBER | |
| ISBN | 9789988600617 |
| 050 ## - LIBRARY OF CONGRESS CALL NUMBER | |
| Classification number | HG 5882.A3 men |
| 100 ## - MAIN ENTRY--AUTHOR NAME | |
| Personal name | MENSAH, Sam |
| 245 ## - TITLE STATEMENT | |
| Title | Securities markets and investment: a Ghana premer |
| 250 ## - EDITION STATEMENT | |
| Edition statement | 4th. ed. |
| 260 ## - PUBLICATION, DISTRIBUTION, ETC. (IMPRINT) | |
| Place of publication | Accra, Ghana |
| Name of publisher | Smartline Ltd |
| Year of publication | 2014 |
| 300 ## - PHYSICAL DESCRIPTION | |
| Number of Pages | xi, 435p. : ill. : Ref. |
| 942 ## - ADDED ENTRY ELEMENTS (KOHA) | |
| Koha item type | Books |
| 988 ## - PAGINATION/EXTENT | |
| PAGINATION/EXTENT | xi, 435p. : ill. : Ref. |
| Koha item type | Collection code | Shelving location | Accession Number | Permanent Location | Current Location | Date acquired | Full call number |
|---|---|---|---|---|---|---|---|
| Books | Lending | Lending | 4284 | Chapman Library | Chapman Library | 2017-03-17 | HG 5882.A3 men |
| Books | Lending | Lending | 4245 | Chapman Library | Chapman Library | 2017-03-17 | HG 5882.A3 men |
| Books | Reference | Reference | 4286 | Chapman Library | Chapman Library | 2017-03-17 | HG 5882.A3 men |

